El arte coreográfico de Alicia Alonso / (Registro nro. 134679)

Detalles MARC
000 -CABECERA
campo de control de longitud fija 01129nam a22003014i 4500
001 - NÚMERO DE CONTROL
campo de control 991061094457706706
003 - IDENTIFICADOR DEL NÚMERO DE CONTROL
campo de control ES-BaIT
005 - FECHA Y HORA DE LA ÚLTIMA TRANSACCIÓN
campo de control 20251029123441.0
008 - DATOS DE LONGITUD FIJA--INFORMACIÓN GENERAL
campo de control de longitud fija 240125s2021 sp ao | 001 0bspa c
017 ## - NÚMERO DE COPYRIGHT O DE DEPÓSITO LEGAL
Número de copyright o de depósito legal DL M 30070 2021
Agencia que asigna Oficina DL Madrid
020 ## - NÚMERO INTERNACIONAL ESTÁNDAR DEL LIBRO
Número Internacional Estándar del Libro 9788494706394
040 ## - FUENTE DE LA CATALOGACIÓN
Centro catalogador/agencia de origen ES-BaIT
Lengua de catalogación cat
Normas de descripción rda
Centro/agencia transcriptor ES-BaIT
043 ## - CÓDIGO DE ÁREA GEOGRÁFICA
Código de área geográfica nwcu---
245 03 - MENCIÓN DE TÍTULO
Título El arte coreográfico de Alicia Alonso /
Mención de responsabilidad, etc. selección, prólogo y notas: Pedro Simón Martínez
264 #1 - PRODUCCIÓN, PUBLICACIÓN, DISTRIBUCIÓN, FABRICACIÓN Y COPYRIGHT
Producción, publicación, distribución, fabricación y copyright Madrid :
Nombre del de productor, editor, distribuidor, fabricante Ediciones Cumbres,
Fecha de producción, publicación, distribución, fabricación o copyright [2021]
300 ## - DESCRIPCIÓN FÍSICA
Extensión 806 pàgines :
Otras características físicas il·lustracions, fotografies ;
Dimensiones 22 cm
336 ## - TIPO DE CONTENIDO
Término de tipo de contenido text
Código de tipo de contenido txt
Fuente rdacontent
337 ## - TIPO DE MEDIO
Nombre/término del tipo de medio sense mediació
Código del tipo de medio n
Fuente rdamedia
338 ## - TIPO DE SOPORTE
Nombre/término del tipo de soporte volum
Código del tipo de soporte nc
Fuente rdacarrier
500 ## - NOTA GENERAL
Nota general Índex
600 14 - PUNTO DE ACCESO ADICIONAL DE MATERIA--NOMBRE DE PERSONA
Nombre de persona Alonso, Alicia,
Fechas asociadas al nombre 1921-
Fuente del encabezamiento o término lemac
9 (RLIN) 66086
650 #0 - PUNTO DE ACCESO ADICIONAL DE MATERIA--TÉRMINO DE MATERIA
Término de materia o nombre geográfico como elemento de entrada Dansa clàssica
Subdivisión de forma Arguments, trames, etc.
9 (RLIN) 68308
650 #0 - PUNTO DE ACCESO ADICIONAL DE MATERIA--TÉRMINO DE MATERIA
Término de materia o nombre geográfico como elemento de entrada Coreògrafes de dansa clàssica
Subdivisión geográfica Cuba
Subdivisión cronológica S. XX
Subdivisión de forma Biografia
Fuente del encabezamiento o término lemac
9 (RLIN) 162955
Subdivisión general
650 #0 - PUNTO DE ACCESO ADICIONAL DE MATERIA--TÉRMINO DE MATERIA
Término de materia o nombre geográfico como elemento de entrada Ballarines de dansa clàssica
Subdivisión geográfica Cuba
Subdivisión de forma Biografia
Fuente del encabezamiento o término lemac
9 (RLIN) 126979
Subdivisión general Biografia
Subdivisión cronológica S. XX
700 ## - ENTRADA AGREGADA--NOMBRE PERSONAL
Nombre de persona Simón Martínez, Pedro
Término indicativo de función/relación editor literari
9 (RLIN) 129161
940 ## - EQUIVALENCIA O REFERENCIA-CRUZADA--TÍTULO UNIFORME [OBSOLETO] [solamente CAN/MARC]
Título uniforme <a href="CVA38">CVA38</a>
942 ## - ELEMENTOS DE ENTRADA AGREGADA (KOHA)
Fuente del sistema de clasificación o colocación Clasificación decimal universal
Tipo de ítem Koha Llibre
Existencias
Estado de retiro Estado de pérdida Fuente del sistema de clasificación o colocación Estado dañado No para préstamo Localización permanente Ubicación/localización actual Ubicación en estantería Fecha de adquisición Fuente de adquisición Total de préstamos Signatura topográfica completa Código de barras Fecha visto por última vez Fecha del último préstamo Precio válido a partir de Tipo de ítem Koha
    Clasificación decimal universal     Biblioteca Barcelona Biblioteca Barcelona BCN Lliure Accés 02/02/2024 Compra 1 793.4 (alo) ART 1900086959 02/04/2024 02/04/2024 02/02/2024 Llibre

Con tecnología Koha